00220nam a2200085 a 450000500170000000800410001705000170005824500410007565000180011620140513081050.0020605s19uu xx 00 eng d aP 372.7bWhi aWhich is biggest? which is smallest. aSizes--Poster